000 00526nam a22002057a 4500
003 OSt
005 20160711184231.0
008 160711b xxu||||| |||| 00| 0 eng d
020 _a0727911058
040 _cDNLM.
082 _aQV140A31d 1999.
100 _aEDited by Jones,D.J;
_910119
245 _aABC of Colorectal Diseases.
250 _a2nd ed.
260 _aLondon.
_bBMJ.
_c1999.
300 _axi,109;
_bcol,ill;
_c29cm
504 _aincludes index.
650 _a Colorectal Diseases.;
_910120
942 _2z
_cO_SHELF
999 _c4704
_d4704